000 00787nmc a2200265 a 4500
003 AR-BaBNM
005 20251128210737.0
008 191020s1999 ||||||||||||||000 | spa||
020 _a987-503-206-9
040 _cAR-BaBNM
100 1 _aMancuso, Hugo R.
245 1 0 _aEntre el fuego y la rosa
_bpensamiento social italiano en Argentina, utopías anarquistas y programas socialistas : 1870-1920
260 _aBuenos Aires
_bBiblioteca Nacional
_bPágina/12
_c1999
300 _a95 p.
490 0 _aFin del milenio
650 4 _aHISTORIA ARGENTINA
650 4 _aPARTIDOS POLITICOS ARGENTINOS
650 4 _aSOCIALISMO
650 4 _aANARQUISMO
650 4 _aHISTORIA SOCIAL
650 4 _aHISTORIA CULTURAL
700 1 _aMinguzzi, Armando
942 _cBK
998 _cMariana
999 _c16709
_d16709